000 01964nam a2200301 4500
001 409
003 OSt
005 20250528074019.0
008 250516b |||||||g |||| 00| 1 eng d
020 _a9788580575071
040 _bpor
041 _heng
_apor
082 _a813
_bH311c
240 _aSure Signs of Crazy
245 _aClaros Sinais de Loucura /
_cHarrington Karen ; Tradução de Edmundo Barreiros
260 _aRio de Janeiro
_bIntrínseca
_c2014
300 _a256 p.
520 _aVocê nunca conheceu ninguém como Sarah Nelson. Enquanto a maioria dos amigos adora Harry Potter, ela passa o tempo escrevendo cartas para Atticus Finch, o advogado de O sol é para todos. Coleciona palavras-problema em um diário, tem uma planta como melhor amiga e vive tentando achar em si mesma sinais de que está ficando louca. Não é à toa: a mãe tentou afogá-la e ao irmão quando eles tinham apenas dois anos, e desde então mora em uma instituição psiquiátrica. O pai, professor, tornou-se alcoólatra. Fugindo da notoriedade do crime, ele e Sarah já se mudaram de diversas cidades, e a menina jamais se sentiu em casa em nenhuma delas. Com a chegada do verão em que completa doze anos, ela está cada vez mais apreensiva. Sente falta de um pai mais presente e das experiências que não viveu com a mãe, já se acha grande demais para passar as férias na casa dos avós, está preocupada com a árvore genealógica que fará na escola e ansiosa pelo primeiro beijo de língua que ainda não aconteceu. Mas a vida não pode ser só de preocupações, e, entre uma descoberta e outra, Sarah vai perceber que seu verão tem tudo para ser muito mais. Bem como seu futuro.
650 0 _aLiteratura Americana
_984
650 0 _aEspiritualidade
_916
650 0 _aFilosofia
_94
650 0 _aAnimais
_959
650 0 _aAuto Conhecimento
_919
650 0 _aFilme
_926
655 0 _aRomance
_923
655 0 _aFicção
_922
942 _2ddc
_n0
_cBK
999 _c409
_d409